| 000 | 00565nam a2200205Ii 4500 | ||
|---|---|---|---|
| 003 | JO-AjNU | ||
| 008 | 230606s9999||||xx |||||||||||||| ||und|| | ||
| 040 |
_aJO-AjNU _beng _erda _cJO-AjNU |
||
| 041 | _aeng | ||
| 050 | 1 | 4 | _aHN17 .5 .T64 1979 |
| 100 | 3 |
_aToffler , Alvin , _eauthor _95460 |
|
| 245 | 0 | 0 | _aFuture Shock |
| 250 | _a1 ed | ||
| 264 | 3 | 1 | _aLondon :Pan Books; , 1979 |
| 300 | _a442p | ||
| 336 |
_atext _btxt _2rdacontent |
||
| 337 |
_aunmediated _bn _2rdamedia |
||
| 338 |
_avolume _bnc _2rdacarrier |
||
| 650 | 4 |
_aSocial - history -social-change _95461 |
|
| 999 |
_aE2822 _c2820 _d2820 |
||